| 000 | 01442nam a2200301Ia 4500 | ||
|---|---|---|---|
| 999 |
_c38063 _d38063 |
||
| 001 | 4049 | ||
| 003 | GE_BSU | ||
| 005 | 20190923111750.0 | ||
| 008 | 181216s1983||||ge |||||||||||||| ||geo|| | ||
| 040 | _cGE_BSU | ||
| 041 | _ageo | ||
| 080 | _a39(479.223)+656 დ–15 | ||
| 100 |
_aდავითაძე, ალექსანდრე _94065 |
||
| 245 |
_aქართული ხალხური ტრანსპორტის ისტორიიდან : _bხის დამუშავება-გამოყენების ტრადიციები აჭარაში / _c ალექსანდრე დავითაძე; რედ. მ. გეგეშიძე. |
||
| 260 | _aბათუმი | ||
| 260 | _bსაბჭოთა აჭარა | ||
| 260 | _c1983 | ||
| 300 |
_a94 გვ. ; _b22 სმ. |
||
| 504 | _aბიბლიოგრ. ტექსტის შენიშვნებში. | ||
| 520 | _aრეზ. რუს. და ინგლ. ენ. | ||
| 541 | _h2 ლ. | ||
| 653 | _aქართული ხალხური ტრანსპორტის ისტორია; | ||
| 653 | _aქართველების ეთნოგრაფია; | ||
| 653 | _aაჭარლები; | ||
| 653 | _aხის დამუშავება. | ||
| 700 |
_aგეგეშიძე, მ. _eრედაქტორი _93925 |
||
| 942 |
_cBK _2udc |
||